000 00555nam a2200193Ia 4500
003 GCL
008 140319s9999 xx 000 0 eng d
040 _aGCL /
_cGCL
082 0 4 _a321.8
_bD D
100 1 _aDOHERTY, BRAIN
245 1 0 _aDEMOCRACY AND GREEN POLITICAL THOUGHT: SUSTAINABILITY, RIGHTS AND CITIZENSHIP /
_cDOHERTY, BRAIN
700 1 _aGEUS, MARIUS DE
260 _a[S.N] :
_bSIMEL TANEOUSLY PUBLISHED ،
_c1996
300 _a246 P
650 0 4 _aGREEN POLITICAL
650 0 4 _aDEMOCRACY
650 0 4 _aPOLITICAL THOUGHT
942 _2ddc
_cBK
999 _c14172
_d14172